<?xml version="1.0" encoding="UTF-8"?>
<record
    xmlns:xsi="http://www.w3.org/2001/XMLSchema-instance"
    xsi:schemaLocation="http://www.loc.gov/MARC21/slim http://www.loc.gov/standards/marcxml/schema/MARC21slim.xsd"
    xmlns="http://www.loc.gov/MARC21/slim">

  <leader>00557nam a2200157Ia 4500</leader>
  <controlfield tag="008">100122s9999    xx            000 0 und d</controlfield>
  <datafield tag="082" ind1=" " ind2=" ">
    <subfield code="b">74154</subfield>
    <subfield code="a">618</subfield>
  </datafield>
  <datafield tag="100" ind1=" " ind2=" ">
    <subfield code="a">&#x924;&#x93E;&#x902;&#x92C;&#x947; &#x936;&#x94D;&#x930;&#x940; &#x92C;&#x93E;&#x932;&#x93E;&#x91C;&#x940;</subfield>
  </datafield>
  <datafield tag="245" ind1=" " ind2=" ">
    <subfield code="a">&#x906;&#x92F;&#x941;&#x930;&#x94D;&#x935;&#x947;&#x926;&#x940;&#x92F; &#x917;&#x930;&#x94D;&#x92D;&#x938;&#x902;&#x938;&#x94D;&#x915;&#x93E;&#x930;</subfield>
  </datafield>
  <datafield tag="250" ind1=" " ind2=" ">
    <subfield code="a">5</subfield>
  </datafield>
  <datafield tag="260" ind1=" " ind2=" ">
    <subfield code="b">&#x938;&#x915;&#x93E;&#x933; &#x92A;&#x947;&#x92A;&#x930;&#x94D;&#x938;</subfield>
    <subfield code="c">2007</subfield>
  </datafield>
  <datafield tag="300" ind1=" " ind2=" ">
    <subfield code="a">212</subfield>
  </datafield>
  <datafield tag="630" ind1=" " ind2=" ">
    <subfield code="a">&#x906;&#x92F;&#x941;&#x930;&#x94D;&#x935;&#x947;&#x926;&#x940;&#x92F; &#x917;&#x930;&#x94D;&#x92D;&#x938;&#x902;&#x938;&#x94D;&#x915;&#x93E;&#x930;</subfield>
  </datafield>
  <datafield tag="730" ind1=" " ind2=" ">
    <subfield code="a">&#x906;&#x92F;&#x941;&#x930;&#x94D;&#x935;&#x947;&#x926;&#x940;&#x92F; &#x917;&#x930;&#x94D;&#x92D;&#x938;&#x902;&#x938;&#x94D;&#x915;&#x93E;&#x930;</subfield>
  </datafield>
  <datafield tag="942" ind1=" " ind2=" ">
    <subfield code="c">BOOK</subfield>
  </datafield>
  <datafield tag="999" ind1=" " ind2=" ">
    <subfield code="c">390138</subfield>
    <subfield code="d">390135</subfield>
  </datafield>
  <datafield tag="952" ind1=" " ind2=" ">
    <subfield code="0">0</subfield>
    <subfield code="1">0</subfield>
    <subfield code="4">0</subfield>
    <subfield code="7">0</subfield>
    <subfield code="a">SVPPARLE</subfield>
    <subfield code="b">SVPPARLE</subfield>
    <subfield code="c">41/3</subfield>
    <subfield code="d">2008-08-13</subfield>
    <subfield code="g">490.00</subfield>
    <subfield code="l">0</subfield>
    <subfield code="o">74154</subfield>
    <subfield code="p">SVPPARLE-74154</subfield>
    <subfield code="r">2010-01-25 00:00:00</subfield>
    <subfield code="v">490.00</subfield>
    <subfield code="w">2010-01-25</subfield>
    <subfield code="y">BOOK</subfield>
    <subfield code="z">", , ,"</subfield>
  </datafield>
</record>
